000 00668nam a2200169 a 4500
003 0
005 20250530121848.0
008 021022s19uu xx 00 eng d
050 _aPHS HD 6250.P6
_b.M67 2002
100 _aMoreno, Rachelle Anne A.
245 _aThe Level of awareness of fourth year students of Saint Mary's Academy (Pasay) on issues concerning child labor /
_cRachelle Anne A. Moreno.
260 _aLas PiƱas City, Philippines :
_bSouthville International School and Colleges,
_c2002.
300 _a61 pages :
_billustrations ;
_c28 cm.
650 _aChild labor
_zPhilippines.
650 _aStudents
_zPhilippines
_xSocial awareness.
942 _2lcc
_cPASS
999 _c96725
_d96725